| 000 | 00402nam a22001337a 4500 | ||
|---|---|---|---|
| 003 | OSt | ||
| 005 | 20240402152925.0 | ||
| 008 | 240402b |||||||| |||| 00| 0 eng d | ||
| 040 | _cCentral Library MRSPTU | ||
| 100 | _aRamesh Goyal | ||
| 245 | _aEk Anthak Yodha Jal Star (एक अनथक योद्धा जल सटार ) | ||
| 260 |
_aNew Delhi _bSatyabodh Prakashan _c2023 |
||
| 942 |
_2ddc _cBK _n0 |
||
| 999 |
_c9930 _d9930 |
||